01680nam a2200397Ia 4500001001200000003000800012006001900020007001500039008004100054010001700095020003700112020003500149020003700184020003400221020001800255040002100273035002100294050002400315082001200339245010700351260005600458300002700514490006700541500007700608500005300685504005800738533015200796650002000948650002900968655002900997700002801026710001701054830006801071856012601139999001701265ebr10690326CaPaEBRm u cr cn|||||||||081104s2008 ctub sb 000 0 eng d z 2008017947 z9780300117226 (cl. : alk. paper) z0300117221 (cl. : alk. paper) z9780300141962 (pb. : alk. paper) z0300141963 (pb. : alk. paper) z9780300151817 aCaPaEBRcCaPaEBR a(OCoLC)75232673714aPR1363b.G73 2008eb04a82422304aThe great age of the English essayh[electronic resource] :ban anthology /cedited by Denise Gigante. aNew Haven [Conn.] :bYale University Press,cc2008. axxxiii, 427 p. :bmap.1 aLewis Walpole series in eighteenth-century culture and history a"Published with assistance from the Annie Burr Lewis Fund."--T.p. verso. aSeries title present only on P. 4 of pbk. cover. aIncludes bibliographical references (p. xxxi-xxxiii). aElectronic reproduction.bPalo Alto, Calif. :cebrary,d2013.nAvailable via World Wide Web.nAccess may be limited to ebrary affiliated libraries. 0aEnglish essays. 0aEnglish languagexStyle. 7aElectronic books.2local1 aGigante, Denise,d1965-2 aebrary, Inc. 0aLewis Walpole series in eighteenth-century culture and history.40uhttp://site.ebrary.com/lib/rucke/Doc?id=10690326zAn electronic book accessible through the World Wide Web; click to view c11074d11074